000 01111nmc a2200373 a 4500
003 AR-BaBNM
005 20251128204552.0
008 011101s1994 ||||||||||||||000 | spa||
020 _a958-671-059-9
040 _cAR-BaBNM
100 1 _aWeinschelbaum, Lila L.
245 1 0 _aTalleres infantiles de creación literaria
250 _a1ª ed.
260 _aSantafé de Bogotá
_bAique
_c1994
300 0 _a190 p.
_bil.
490 0 _aCoedición latinoamericana de libros para la promoción de la lectura
_vv. 8
504 _aBibliografía en p. 189-190
650 4 _aTALLERES ESCOLARES
650 4 _aACTIVIDADES EN GRUPO
650 4 _aTECNICAS DIDACTICAS
650 4 _aPROCESO DE APRENDIZAJE
650 4 _aORIENTACION PARA LA LECTURA
650 4 _aPROMOCION DE LA LECTURA
650 4 _aENSEÑANZA EN GRUPO
650 4 _aENSENANZA DE LA LECTURA
650 4 _aENSENANZA DE LA ESCRITURA
650 4 _aLIBROS PARA NINOS
650 4 _aLITERATURA INFANTIL
650 4 _aMOTIVACION DEL ALUMNO
650 4 _aTEATRO ESCOLAR
653 _aEDUCACION PRIMARIA
942 _cBK
998 _cCarmen
999 _c7958
_d7958